000 00606nam a2200205 i 4500
001 27644
003 ES-MaACL
005 20230906153654.0
007 t|
008 030115s1934 fr ||||1| fre d
100 1 _aArbelet, Paul.
_922383
245 1 0 _aTrois solitaires
_b: (Courier-Stendhal-Merimée) /
_cpar Paul Arbelet.
250 _a[7eme ed.].
260 _aParís :
_bGallimard,
_c[1934] (
_eClichy :
_fPaul Dupont)
300 _a286 p. ;
_c19 cm.
490 1 _aLes vies paralleles
830 0 _aLes vies paralleles
_9229220
852 _aES-MaACL
_jA-3875
_bR.15277
999 _c27644
_d27644